Gandhara art in Pakistan (Record no. 327498)

000 -LEADER
fixed length control field 00303 a2200121 4500
001 - CONTROL NUMBER
control field 92425
082 ## - DEWEY DECIMAL CLASSIFICATION NUMBER
Classification number 731.889431 DAN
090 ## - LOCALLY ASSIGNED LC-TYPE CALL NUMBER (OCLC); LOCAL CALL NUMBER (RLIN)
-- 44397
-- 44398
100 ## - MAIN ENTRY--PERSONAL NAME
Personal name Dani A H dr.
245 ## - TITLE STATEMENT
Title Gandhara art in Pakistan
260 ## - PUBLICATION, DISTRIBUTION, ETC.
Place of publication, distribution, etc. ISlamabad
Name of publisher, distributor, etc. Dte of Electronic Publication
Date of publication, distribution, etc. [n. d]
300 ## - PHYSICAL DESCRIPTION
Extent 48 p.
942 ## - ADDED ENTRY ELEMENTS (KOHA)
Institution code [OBSOLETE] CAE NUST
Call number prefix 731.889431 DAN
Holdings
Withdrawn status Lost status Damaged status Not for loan Collection code Permanent Location Current Location Date acquired Total Checkouts Full call number Barcode Date last seen Price effective from Koha item type
          College of Aeronautical Engineering (CAE) College of Aeronautical Engineering (CAE) 04/03/2017   731.889431 DAN CAEG-9991 04/05/2017 04/05/2017 Book
© 2023 Central Library, National University of Sciences and Technology. All Rights Reserved.